00528nam a2200169Ia 450000500170000000800410001702000180005808200130007610000140008924500090010326000350011230000130014750000820016094200060024295200950024899900150034320241028045359.0240331s9999 xx 000 0 und d a9780143416968 bGOKa823 aGokhale,N 0aPARO aNew DelhibPenguin Booksc2011 a160 p ., aParo Remains a social comedy without parallel in contemporary Indian writing. cL 001040708LaWERCLbWERCLcSSCd2024-03-31l0o 823 GOKp6738r2024-03-31w2024-03-31yL c5837d5837